| 000 | 00772nam a2200253 i 4500 | ||
|---|---|---|---|
| 003 | DO-SdBNP | ||
| 005 | 20240320094030.0 | ||
| 007 | ta | ||
| 008 | 220721b2021 dr ||||| |||| 00| 0 spa d | ||
| 020 | _a9789945608731 | ||
| 040 |
_aDO-SdBNP _bspa _cBNPHU _erda |
||
| 082 | 4 | _222 | |
| 100 | 1 |
_aCabranes-Grant, Leo, _d1960- _969364 _eautor |
|
| 245 | 1 | 4 |
_aLos pasos y los viajes / _cLeo Cabranes-Grant |
| 264 |
_aSanto Domingo : _bIsla Negra, _c2021. |
||
| 300 |
_a109 páginas ; _c22 cm. |
||
| 336 |
_2rdacontent _atexto _btxt |
||
| 337 |
_2rdamedia _asin mediación _bn |
||
| 338 |
_2rdacarrier _avolumen _bnc |
||
| 490 | 1 | _aFilo de fuego | |
| 500 | _aIncluye datos biográficos del autor en la solapa de la cubierta | ||
| 590 | _aInventariado, 2022/BT | ||
| 942 |
_2ddc _cLBS1 |
||
| 999 |
_c52212 _d52212 |
||